QCM SUR LA LIGUE DES CHAMPIONS 2022-2023 - Statistiques

Statistiques générales
  • Ce quiz a été pris 195 fois
  • Le résultat moyen est 3 sur 12
Statistiques - réponses
Question Réponse % Correct
Combien de clubs anglais ont terminés premiers de leurs poule ? 3
67%
Sur la demi-finale Manchester City - Réal Madrid, quel était le score a l'issu de la double confrontation 5-1
67%
Quelle équipe a en moyenne l'effectif le plus jeune ? RB salzburg
67%
De bruyne a fini meilleur passeur de la compétition, avec quel ratio ? 0,78
33%
Quelle équipe a marqué le plus de pénaltys ? Benfica
33%
Quel gardien a arrêté le plus de pénaltys ? Diogo costa
33%
Combien de buts a inscrit Mohamed Salah ? 8
0%
Combien de buts on été inscrits en comptant tous les matchs des demi-finale 8
0%
Quelle équipe a eu la pire différence de but en phase de poule Glasgow Rangers
0%
Dans quel groupe, le 1er et 2ème ont obtenu le même nombre de points ainsi que le 3eme et 4eme ? Groupe H (Benfica, PSG, Juventus, Maccabi Haifa)
0%
En moyenne, quelle équipe a le plus gros xG ? Napoli
0%
Quelle gardien a réaliser le plus de clean sheets ? Onana
0%
Aucun quiz correspondant
Distribution des résultats
% des personnes avec chaque résultat
Percentile par nombre de réponses
Votre historique - résultats
Vous n’avez pas pris ce quiz